| 000 | 00790nas a2200277 4500 | ||
|---|---|---|---|
| 001 | BR2012005177 | ||
| 003 | BR-BrBNA | ||
| 005 | 20231205120837.0 | ||
| 007 | ta | ||
| 008 | 230509b bl.|||p| |||| 00| 00por d | ||
| 040 |
_aBR-BrBNA _bpor _cBiblioteca Nacional de Agricultura |
||
| 041 | _a(Pt) | ||
| 072 | _aH50 | ||
| 100 | 1 | _aVasconcelos, A.G.V. de | |
| 100 | 1 | _aTomas, L.F. | |
| 100 | 1 | _aCamara, T.R. | |
| 100 | 1 | _aWilladino, L. | |
| 245 | 1 | _aHiperidricidade: uma desordem metabólica | |
| 650 | _aDISTÚRBIO FISIOLÓGICO | ||
| 650 | _aCÉLULA | ||
| 650 | _aGENÓTIPO | ||
| 650 | _aCULTURA IN VITRO | ||
| 773 | 0 |
_tCiência Rural (Brazil) _xISSN 0103-8478 _g(May 2012), v. 42(5) p. 837-844 _wBR2012005177 |
|
| 909 |
_a202311 _bLúcia _c55 _dLúcia Elande |
||
| 942 |
_2AGRIS _n0 _cANA |
||
| 999 |
_c220607 _d220607 |
||